Лучевая диагностика и терапия в урологии (Запись № 1668436)

Подробности
000 -МАРКЕР
контрольное поле 03599nam0a2200673 4500
001 - ИДЕНТИФИКАТОР ЗАПИСИ
контрольное поле RU\NLR\bibl\1785420
005 - ИДЕНТИФИКАТОР ВЕРСИИ
контрольное поле 20260408081016.0
010 ## - МЕЖДУНАРОДНЫЙ СТАНДАРТНЫЙ НОМЕР КНИГИ (ISBN)
Номер (ISBN) 978-5-9704-2018-8
Тираж 3000
021 ## - НОМЕР ГОСУДАРСТВЕННОЙ РЕГИСТРАЦИИ
Код страны Российская Федерация
Номер 2011-42404
Номер Листа государственной регистраци 3009
035 ## - ДРУГИЕ СИСТЕМНЫЕ НОМЕРА
Идентификатор записи (nilc)LIBNET\0000139339
035 ## - ДРУГИЕ СИСТЕМНЫЕ НОМЕРА
Идентификатор записи 2VIL\RUSMED\0000187875
035 ## - ДРУГИЕ СИСТЕМНЫЕ НОМЕРА
Идентификатор записи (NLR Aleph) 001776146
100 ## - ДАННЫЕ ОБЩЕЙ ОБРАБОТКИ
Данные общей обработки 20110602d2011 |||y0rusy50 ca
101 0# - ЯЗЫК РЕСУРСА
Язык текста, звукозаписи и т.д. русский
102 ## - СТРАНА ПУБЛИКАЦИИ ИЛИ ПРОИЗВОДСТВА
Страна публикации Российская Федерация
105 ## - ПОЛЕ КОДИРОВАННЫХ ДАННЫХ: ТЕКСТОВЫЕ МАТЕРИАЛЫ, МОНОГРАФИЧЕСКИЕ
Кодированные данные о монографическом текстовом документе a z |||||
200 1# - ЗАГЛАВИЕ И СВЕДЕНИЯ ОБ ОТВЕТСТВЕННОСТИ
Основное заглавие Лучевая диагностика и терапия в урологии
Сведения, относящиеся к заглавию [национальное руководство]
Первые сведения об ответственности Ассоц. мед. о-в по качеству, [Нац. проект "Здоровье"]
Последующие сведения об ответственности гл. ред.: проф. А. И. Громов, д. м. н. В. М. Буйлов
210 ## - ПУБЛИКАЦИЯ, РАСПРОСТРАНЕНИЕ И ДР.
Место издания, распространения и т.д. Москва
Имя издателя, распространителя и т. д. ГЭОТАР-Медиа
-- Асоциация медицинских обществ по качеству
Дата издания, распространения и т.д. 2011
215 ## - ФИЗИЧЕСКАЯ ХАРАКТЕРИСТИКА
Специфическое обозначение материала и объем 542 с.
Другие сведения о физической характеристике ил.
Размеры 22
225 1# - СЕРИЯ
Основное заглавие серии Национальные руководства по лучевой диагностике и терапии
Сведения об ответственности гл. ред.: акад. РАМН С. К. Терновой
225 1# - СЕРИЯ
Основное заглавие серии Национальные руководства
225 1# - СЕРИЯ
Основное заглавие серии Приоритетные национальные проекты
Наименование части Здоровье
320 ## - ПРИМЕЧАНИЯ О НАЛИЧИИ В ДОКУМЕНТЕ БИБЛИОГРАФИИ / УКАЗАТЕЛЯ
Текст примечания Библиогр.: с. 537-539
320 ## - ПРИМЕЧАНИЯ О НАЛИЧИИ В ДОКУМЕНТЕ БИБЛИОГРАФИИ / УКАЗАТЕЛЯ
Текст примечания Предм. указ.: с. 540-542
606 1# - НАИМЕНОВАНИЕ ТЕМЫ КАК ПРЕДМЕТ
Наименование темы УРОЛОГИЧЕСКИЕ БОЛЕЗНИ
Тематический подзаголовок диагностика
Формальный подзаголовок руководства
Код системы rus_mesh
Идентификатор авторитетной/нормативной записи R14787-5.1
606 1# - НАИМЕНОВАНИЕ ТЕМЫ КАК ПРЕДМЕТ
Наименование темы UROLOGIC DISEASES
Тематический подзаголовок diagnosis
Код системы rus_mesh
Идентификатор авторитетной/нормативной записи E14787-5.1
606 1# - НАИМЕНОВАНИЕ ТЕМЫ КАК ПРЕДМЕТ
Наименование темы УРОЛОГИЧЕСКИЕ БОЛЕЗНИ
Тематический подзаголовок радиотерапия
Формальный подзаголовок руководства
Код системы rus_mesh
Идентификатор авторитетной/нормативной записи R14787-22.1
606 1# - НАИМЕНОВАНИЕ ТЕМЫ КАК ПРЕДМЕТ
Наименование темы UROLOGIC DISEASES
Тематический подзаголовок radiotherapy
Код системы rus_mesh
Идентификатор авторитетной/нормативной записи E14787-22.1
606 1# - НАИМЕНОВАНИЕ ТЕМЫ КАК ПРЕДМЕТ
Наименование темы ДИАГНОСТИЧЕСКОЕ ИЗОБРАЖЕНИЕ
Тематический подзаголовок методы
Формальный подзаголовок руководства
Код системы rus_mesh
Идентификатор авторитетной/нормативной записи R4056-6.1
606 1# - НАИМЕНОВАНИЕ ТЕМЫ КАК ПРЕДМЕТ
Наименование темы DIAGNOSTIC IMAGING
Тематический подзаголовок methods
Код системы rus_mesh
Идентификатор авторитетной/нормативной записи E4056-6.1
606 1# - НАИМЕНОВАНИЕ ТЕМЫ КАК ПРЕДМЕТ
Наименование темы Мочеполовые органы
Формальный подзаголовок Руководства, пособия и т.п.
Тематический подзаголовок Болезни
-- Лучевая диагностика
Системный номер авторитетной/нормативной записи 1673635
Идентификатор авторитетной/нормативной записи RU\NLR\auth\66742469
606 1# - НАИМЕНОВАНИЕ ТЕМЫ КАК ПРЕДМЕТ
Наименование темы Лучевая терапия
Формальный подзаголовок Руководства, пособия и т.п.
Тематический подзаголовок Применение в онкоурологии
Системный номер авторитетной/нормативной записи 2254480
Идентификатор авторитетной/нормативной записи RU\NLR\auth\661352104
686 ## - ИНДЕКСЫ ДРУГИХ КЛАССИФИКАЦИЙ
Индекс 76.29.43
Код системы
686 ## - ИНДЕКСЫ ДРУГИХ КЛАССИФИКАЦИЙ
Индекс 76.29.62
Код системы
686 ## - ИНДЕКСЫ ДРУГИХ КЛАССИФИКАЦИЙ
Индекс 76.01.33
Код системы
686 ## - ИНДЕКСЫ ДРУГИХ КЛАССИФИКАЦИЙ
Индекс C12.777 - диагностика
Издание 2011
Код системы
686 ## - ИНДЕКСЫ ДРУГИХ КЛАССИФИКАЦИЙ
Индекс C13.351.968 - диагностика
Издание 2011
Код системы
686 ## - ИНДЕКСЫ ДРУГИХ КЛАССИФИКАЦИЙ
Индекс C12.777 - diagnosis
Издание 2011
Код системы
686 ## - ИНДЕКСЫ ДРУГИХ КЛАССИФИКАЦИЙ
Индекс C13.351.968 - diagnosis
Издание 2011
Код системы
686 ## - ИНДЕКСЫ ДРУГИХ КЛАССИФИКАЦИЙ
Индекс C12.777 - радиотерапия
Издание 2011
Код системы
686 ## - ИНДЕКСЫ ДРУГИХ КЛАССИФИКАЦИЙ
Индекс C13.351.968 - радиотерапия
Издание 2011
Код системы
686 ## - ИНДЕКСЫ ДРУГИХ КЛАССИФИКАЦИЙ
Индекс C12.777 - radiotherapy
Издание 2011
Код системы
686 ## - ИНДЕКСЫ ДРУГИХ КЛАССИФИКАЦИЙ
Индекс C13.351.968 - radiotherapy
Издание 2011
Код системы
686 ## - ИНДЕКСЫ ДРУГИХ КЛАССИФИКАЦИЙ
Индекс E01.370.350 - методы
Издание 2011
Код системы
686 ## - ИНДЕКСЫ ДРУГИХ КЛАССИФИКАЦИЙ
Индекс E01.370.350 - methods
Издание 2011
Код системы
686 ## - ИНДЕКСЫ ДРУГИХ КЛАССИФИКАЦИЙ
Индекс Р69-436я7
686 ## - ИНДЕКСЫ ДРУГИХ КЛАССИФИКАЦИЙ
Индекс Р569.69-436я7
686 ## - ИНДЕКСЫ ДРУГИХ КЛАССИФИКАЦИЙ
Индекс Р569.69-56я7
702 #1 - ИМЯ ЛИЦА - ВТОРИЧНАЯ ОТВЕТСТВЕННОСТЬ
Начальный элемент ввода Громов
Часть имени, кроме начального элемента ввода А. И.
Расширение инициалов личного имени Александр Игоревич
Код отношения Редактор
712 02 - НАИМЕНОВАНИЕ ОРГАНИЗАЦИИ - ВТОРИЧНАЯ ОТВЕТСТВЕННОСТЬ
Код отношения Прочие
Начальный элемент ввода Ассоциация медицинских обществ по качеству
Идентифицирующий признак Российская Федерация
Идентификатор авторитетной/нормативной записи RU\NLR\AUTH\8810109849
Системный номер авторитетной/нормативной записи 719732
801 #0 - ИСТОЧНИК ЗАПИСИ
Страна Российская Федерация
Организация ЦНМБ
Дата составления 20110602
Правила каталогизации PSBO
801 #1 - ИСТОЧНИК ЗАПИСИ
Страна Российская Федерация
Организация ЦНМБ
Дата составления 20110602
801 #2 - ИСТОЧНИК ЗАПИСИ
Страна Российская Федерация
Организация ЦНМБ
Дата составления 20110616
801 #2 - ИСТОЧНИК ЗАПИСИ
Страна Российская Федерация
Организация NLR
Дата составления 20110705
Правила каталогизации rcr
942 ## - ДОПОЛНИТЕЛЬНЫЕ ЭЛЕМЕНТЫ ЗАПИСИ (АБИС)
Тип экземпляра АБИС Книга
980 ## - КОЛЛЕКЦИЯ
Название коллекции Национальная библиография
980 ## - КОЛЛЕКЦИЯ
Название коллекции НБР
Экземпляры
Тип экземпляра Дата поступления Источник поступления Библиотека постоянного хранения Библиотека текущего хранения Место хранения Шифр хранения Штрих-код Статус экземпляра Стоимость
Книга 05.07.2011 Обязательный экземпляр РНБ (Московский) РНБ (Московский) Русский книжный фонд: издания с 1957 года 2011-5/5048 3445702    
Книга 05.07.2011 Обязательный экземпляр РНБ (Московский) РНБ (Московский) Русский книжный фонд: издания с 1957 года 2011-5/5048 3445703    
Книга 19.10.2011 Покупка РНБ (Московский) РНБ (Московский) Фонд общего зала литературы по биологии и медицине М1 Р69/Л-871 1-472598   2008.00